Statistics for World Capitals Closest to Bogota

Click here to take the quiz!

General Stats

  • This quiz has been taken 75 times
  • The average score is 10 of 15

Answer Stats

kmCapitalmile% Correct
773Panama City480
99%
1025Caracas636
97%
1824Lima1133
96%
728Quito452
93%
1248San Jose775
84%
1580Managua981
76%
1777Georgetown1104
71%
1785Tegucigalpa1109
64%
1514Kingston941
56%
1700Kingstown1056
56%
1537Port of Spain955
53%
1607Santo Domingo998
44%
1561Port-au-Prince970
41%
1774Castries1102
37%
1587Saint George's986
30%

Score Distribution

Percentile by Number Answered

Percent of People with Each Score

Your Score History

You have not taken this quiz